| 000 | 00922namaa2200301 a 4500 | ||
|---|---|---|---|
| 001 | vtls001305320 | ||
| 003 | NLI | ||
| 005 | 20210627043906.0 | ||
| 008 | 120418s1980 dcu i000 0 eng | ||
| 039 | 9 |
_y201204181937 _zVLOAD |
|
| 040 | 0 |
_aNLI _cVTLS-2012_FOD _eAACR2 |
|
| 041 | 0 | _aeng | |
| 044 | _adcu | ||
| 082 | 0 | 4 | _a368.1222009769 |
| 245 | 0 | 0 |
_aFlood insurance study : _bCity of pikeville, kentucky pike county |
| 260 |
_aWashington, D.C. : _bFederal Emergency Management Agency, _c1980 |
||
| 300 |
_a20 p : _bill., maps ; _c28 cm. |
||
| 500 | _aCover title | ||
| 500 | _aCover title | ||
| 504 | _aIncludes bibliographical references | ||
| 650 | 0 |
_aFloods _zUnited States |
|
| 650 | 0 |
_aHydrology _zUnited States _9708921 |
|
| 710 | 1 |
_aUnited States. _bFederal Emergency Management Agency |
|
| 887 | _a | ||
| 901 |
_aAD 126135 _b26.10.2010 |
||
| 902 | _aU.S 368.1222009769 Un 3 f | ||
| 942 |
_2ddc _cBKS |
||
| 999 |
_c596240 _d596240 |
||